Очерки по истории русского стеклоделия

Dettagli Bibliografici
Autore principale: Безбородов М. А.
Lingua:russo
Pubblicazione: Москва, Промстройиздат, 1952
Soggetti:
Natura: Libro
KOHA link:https://koha.lib.tpu.ru/cgi-bin/koha/opac-detail.pl?biblionumber=215831

MARC

LEADER 00000nam0a2200000 4500
001 215831
005 20231101230009.0
010 |b 3000 экз. 
035 |a (RuTPU)RU\TPU\book\235778 
090 |a 215831 
100 |a 20120517d1952 m y0rusy50 ca 
101 0 |a rus 
102 |a RU 
105 |a a z 001zd 
200 1 |a Очерки по истории русского стеклоделия  |f М. А. Безбородов 
210 |a Москва  |c Промстройиздат  |d 1952 
215 |a 166 с.  |c ил. 
320 |a Хроника некоторых дат из истории русского стеклоделия (до 20 века): с. 163-166. 
600 1 |a Ломоносов  |g Михаил Васильевич  |b М. В.  |c ученый-естествоиспытатель, поэт, историк, художник, деятель просвещения, науки и экономики  |f 1711-1765  |2 stltpush  |3 (RuTPU)RU\TPU\pers\975 
600 1 |a Лаксман  |b К. Г. (Э. Г.)  |c Laxmann Erich Gustav  |c естествоиспытатель  |c химик  |c путешественник  |c почетный член Петербургской Академии наук (с 1781)  |f 1737-1796  |g Кирилл Густавович (Эрик Густав)  |2 stltpush  |3 (RuTPU)RU\TPU\pers\23695  |9 10376 
600 1 |a Менделеев  |g Дмитрий Иванович  |b Д. И.  |c учёный-энциклопедист, химик, педагог  |f 1834-1907  |c член-корреспондент Петербургской АН  |2 stltpush  |3 (RuTPU)RU\TPU\pers\1367 
600 1 |a Тищенко  |b В. Е.  |c советский химик  |c академик Ан (1935)  |c профессор Петербургского университета  |f 1861-1941  |g Вячеслав Евгеньевич  |2 stltpush  |3 (RuTPU)RU\TPU\pers\28660  |9 13476 
600 1 |a Петухов  |b С. П.  |c инженер-технолог  |c выпускник СПб Практического Технологического Института ХО 1866 г.  |f 1842-1912  |g Сергей Петрович  |2 stltpush  |3 (RuTPU)RU\TPU\pers\27699  |9 12773 
600 1 |a Чугунов  |b А. К.  |c русский технолог  |c профессор химической технологии Казанского Университета  |f 1827-1898  |g Андрей Кириллович  |2 stltpush  |3 (RuTPU)RU\TPU\pers\29538  |9 14074 
600 1 |a Писарев  |b В. В.  |c инженер-технолог  |c выпускник Петерургского Технологического Института 1846 г.  |f ?-?  |g Василий Васильевич  |2 stltpush  |3 (RuTPU)RU\TPU\pers\29539  |9 14075 
600 1 |a Крупский  |b А. К.  |c химик  |c профессор химической технологии Петербургского Технологического Института  |f 1845-1911  |g Александр Кириллович  |2 stltpush  |3 (RuTPU)RU\TPU\pers\29540  |9 14076 
600 1 |a Селезнев  |b В. И.  |c химик  |c выпускник Санкт-Петербургского Университета 1873 г.  |f 1852-?  |g Владимир Иванович  |2 stltpush  |3 (RuTPU)RU\TPU\pers\29541  |9 14077 
600 1 |a Карцов  |b Д. А. 
610 1 |a стекольная промышленность 
610 1 |a стекольное производство 
610 1 |a стекольные заводы 
610 1 |a стекловарение 
610 1 |a стеклоделие 
610 1 |a история 
610 1 |a Россия 
610 1 |a 17 век 
610 1 |a 18 век 
610 1 |a 19 век 
675 |a 666.1(09)  |v 3 
700 1 |a Безбородов  |b М. А. 
801 1 |a RU  |b 63413507  |c 20120517 
801 2 |a RU  |b 63413507  |c 20180111  |g RCR 
942 |c BK